Fr. Conceicao Rodrigues College of Engineering

Engineering chemistry with Laboratory experiments (Record no. 31778)

MARC details
000 -LEADER
fixed length control field 00372nam a2200157Ia 4500
082 ## - DEWEY DECIMAL CLASSIFICATION NUMBER
Item number MOH
100 ## - MAIN ENTRY--PERSONAL NAME
Personal name Mohapatra/Ranjan kumar
245 ## - TITLE STATEMENT
Title Engineering chemistry with Laboratory experiments
260 ## - PUBLICATION, DISTRIBUTION, ETC.
Name of publisher, distributor, etc. Prentice -Hall of India
Date of publication, distribution, etc. 2016
366 ## - TRADE AVAILABILITY INFORMATION
Publishers's discount category 25
300 ## - PHYSICAL DESCRIPTION
Extent 370
546 ## - LANGUAGE NOTE
Language note ENGLISH
-- Computers
650 ## - SUBJECT ADDED ENTRY--TOPICAL TERM
Topical term or geographic name entry element Chemistry
654 ## - SUBJECT ADDED ENTRY--FACETED TOPICAL TERMS
Focus term chemistry
942 ## - ADDED ENTRY ELEMENTS (KOHA)
Koha item type BOOK
Holdings
Withdrawn status Lost status Damaged status Not for loan Collection Home library Current library Date acquired Source of acquisition Cost, normal purchase price Inventory number Total Checkouts Full call number Barcode Date last seen Date last checked out Cost, replacement price Price effective from Koha item type
        CRC Fr. Agnel's C.Rodrigues College of Engineering Fr. Agnel's C.Rodrigues College of Engineering 17/03/2023 Allied Publishers 296.25 862 dt 30.12.2016 1 MOH 24438 22/05/2024 17/05/2024 395.00   BOOK